1396 1086 1002 1726 1000 1071 1729 1390 1509 1814 1891 1264 1117 1399 1864 1173 1027 1889 1061 1955 1214 1533 1653 1470 1003 1857 1138 1882 1024 1629 1793 1148 1061 1851 1651 1185 1832 1810 1641 1646 1564 1538 1623 1960 1700 1536 1390 1313 1720 1576 1970 1236 1478 1285 1325 1764 1434 1593 1721 1705 1140 1913 1924 1983 1391 1014 1319 1161 1296 1917 1379 1512 1983 1870 1657 1123 1815 1327 1263 1381 1869 1014 1646 1986 1623 1564 1583 1815 1180 1268 1259 1634 1428 1812 1271 1345 1589 1328 1536 BCNSPRNW ULIB Ver.6.0+V

เปลี่ยนเป็นภาษาไทย

Change to English
 แสดงรายละเอียดบรรณานุกรม
  กลับหน้าหลัก

Brief Record : Get Marc (ISO 2709) : E-mail record : QR code < ปิดหน้าต่าง
LEADER : 00000nam 2200000uu 4500
001    13399110953
003     ULIB
008    110614s2550||||th 000 0 tha d
020    9789749601303
050 04 AC158^bภ372ค 2550
100 0  Nathalie Tordjman
245 10 คู่มือ kid ดี /^cNathalie Tordjman, เขียน ; ภัทรมน พัวไพโรจน์, แปล
250    พิมพ์ครั้งที่ 1
260    กรุงเทพฯ :^bนานมีบุ๊คส์พับลิเคชั่นส์,^c2550
300    207 หน้า :^bภาพประกอบ ;^c19 ซม
650  7 อยู่ในสังำคม
650  7 การดำเนินชีวิต
945    ^p195^l0^i025142
995    ทศพร
999 ^a ใช้งานได้ทุกระบบ
รายการนี้ยังไม่มีแท็ก
คุณยังไม่ได้ล็อกอิน คุณสามารถมีกิจกรรมร่วมกับเว็บไซต์ได้ แต่ต้องล็อกอินก่อน ::
  ล็อกอิน

รายการสื่อสารสนเทศ

ลำดับที่ ประเภท เลขเรียก/บาร์โค้ด สถานที่ สถานะ
- ไม่พบข้อมูล -

รายการใกล้เคียง
    หัวเรื่อง [การดำเนินชีวิต]

BibComment


ยังไม่เคยถูกคอมเมนท์

คอมเมนท์ทรัพยากรรายการนี้
  คอมเมนท์: คู่มือ kid ดี Na..


 Copyright 2026. Bcnsprnw @Library